Capitales avec la lettre N comme troisième lettre - Statistiques

Statistiques générales
  • Ce quiz a été pris 131 fois
  • Le résultat moyen est 18 sur 29
Statistiques - réponses
Réponse % Correct
Montevideo
79%
Santiago
79%
Londres
77%
Tunis
76%
Canberra
75%
Panama
75%
Minsk
72%
San José
71%
Kinshasa
69%
Monaco
69%
Bangkok
68%
Kingston
68%
Kingstown
68%
Manille
68%
San Salvador
67%
Managua
64%
Hanoï
63%
Manama
63%
Singapour
59%
Bangui
57%
Banjul
57%
Sanaa
55%
Monrovia
52%
Conakry
51%
Funafuti
48%
Bandar Seri Begawan
47%
Phnom Penh
45%
Windhoek
45%
Honiara
43%
Aucun quiz correspondant
Distribution des résultats
% des personnes avec chaque résultat
Percentile par nombre de réponses
Votre historique - résultats
Vous n’avez pas pris ce quiz